24-hour dietary recalls as reference calibration measurements in EPIC : from statistical theory to epidemiological application (Record no. 32221)

MARC details
000 -LEADER
fixed length control field 00738 a2200241 4500
041 ## - CODE DE LANGUE
Language code of summary or abstract/overprinted title or subtitle En
040 ## - SOURCE DU CATALOGAGE
Original cataloging agency Support
041 ## - CODE DE LANGUE
Language code of summary or abstract/overprinted title or subtitle En
020 ## - NUMERO INTERNATIONAL NORMALISE DES LIVRES
International Standard Book Number 90-5808-710-7
100 ## - VEDETTE PRINCIPALE - NOM DE PERSONNE
Personal name SLIMANI, Nadia
130 ## - VEDETTE PRINCIPALE - TITRE UNIFORME
Language of a work En
100 ## - VEDETTE PRINCIPALE - NOM DE PERSONNE
Affiliation Abomey-Calavi, Université d'Abomey-Calavi, Faculté des Sciences Agronomiques, Bj
260 ## - PUBLICATION, DISTRIBUTION, ETC. (IMPRINT)
Place of publication, distribution, etc Wageningen
260 ## - PUBLICATION, DISTRIBUTION, ETC. (IMPRINT)
Name of publisher, distributor, etc Université de Wageningen
245 ## - TITLE STATEMENT
Title 24-hour dietary recalls as reference calibration measurements in EPIC : from statistical theory to epidemiological application
260 ## - PUBLICATION, DISTRIBUTION, ETC. (IMPRINT)
Date of publication, distribution, etc 04 Décembre 2002
300 ## - PHYSICAL DESCRIPTION
Extent 206 p.
300 ## - PHYSICAL DESCRIPTION
Other physical details Ill., Couv. ill. ; 24 cm
502 ## - DISSERTATION NOTE
Dissertation note Thèse de Doctorat
653 1# - INDEX TERM--UNCONTROLLED
Uncontrolled term Agronomie
653 #1 - INDEX TERM--UNCONTROLLED
Uncontrolled term Nutrition et Sciences Alimentaires
Holdings
Withdrawn status Lost status Damaged status Not for loan Location (home branch) Sublocation or collection (holding branch) Date acquired Koha issues (times borrowed) Koha full call number Koha date last seen Copy number Price effective from Koha item type Public note
        Bibliothèque-Centre de Documentation de la Faculté des Sciences Agronomiques Bibliothèque-Centre de Documentation de la Faculté des Sciences Agronomiques     T.NSA.2002.021 28/02/2009 02 28/02/2009 Livre A.9141


© 2008, Bibliothèques de l'Université d'Abomey-Calavi

04 BP 789 Cotonou, Tél. : +229 21 36 01 01, Fax : +229 21 35 06 32

Courriel : bu@bu.uac.bj